Κατάλογος Βιβλιοθηκών Mediterranean College

Θεωρητικές Προσεγγίσεις για την Ανάλυση των ΜΜΕ (Record no. 4559)

MARC details
000 -LEADER
fixed length control field 01768cam a22002174a 4500
005 - ΗΜΕΡΟΜΗΝΙΑ ΚΑΙ ΩΡΑ ΤΕΛΕΥΤΑΙΑΣ ΕΝΗΜΕΡΩΣΗΣ
Πεδίο ελέγχου 20250605164149.0
008 - FIXED-LENGTH DATA ELEMENTS--GENERAL INFORMATION
Πεδίο ελέγχου σταθερού μήκους 250528s ||||||||||||||||||||||||d
035 ## - SYSTEM CONTROL NUMBER
System control number 19299
020 ## - ISBN
ISBN 9604021176
040 ## - ΠΗΓΗ ΚΑΤΑΛΟΓΟΓΡΑΦΗΣΗΣ
Φορέας πρωτότυπης καταλογογράφησης MC Athens Campus Library
Γλώσσα καταλογογράφησης Ελληνικά, Μοντέρνα (1453-)
Modifying agency MC Athens Campus Library
Κανόνες περιγραφικής καταλογογράφησης AACR2
245 1# - ΤΙΤΛΟΣ ΚΑΙ ΔΗΛΩΣΗ ΥΠΕΥΘΥΝΟΤΗΤΑΣ
Τίτλος Θεωρητικές Προσεγγίσεις για την Ανάλυση των ΜΜΕ
250 ## - EDITION STATEMENT
Edition statement
260 ## - PUBLICATION, DISTRIBUTION, ETC.
Name of publisher, distributor, etc. Τυπωθήτω,
Date of publication, distribution, etc. 2004
300 ## - PHYSICAL DESCRIPTION
Extent 120
520 ## - SUMMARY, ETC.
Summary, etc. Μια αναδρομή στην πορεία των θεωρητικών αναζητήσεων πάνω στις οποίες βασίστηκαν οι αναλύσεις των ΜΜΕ. Πρόλογος, Τα Μέσα Μαζικής Επικοινωνίας, Οι Πρώτες Συζητήσεις, Η Κριτική Σχολή της Φρανκφούρτης, Η Δύναμη του Κειμένου, Η Εισβολή του Κοινού, Τα Νέα Μέσα Επικοινωνίας, Μια Εξαγγελθείσα Επανάσταση, Η Ψηφιακή Τεχνολογία, Η Επικοινωνία της Ταχύτητας, Η Κυριαρχία της Αφθονίας, Η Σύγκλιση, Η Διαδραστικότητα (interactive), Η Κοινωνία της Επικοινωνίας, Η Αποδοτικότητα, Το Διαδίκτυο, Μια Ανανέωση της Δημοκρατίας, Η Καινούργια Ενδυμασία της Επικοινωνίας, Το Ηλεκτρονικό Ταχυδρομείο, Οι Κατάλογοι, Προς μια Εικονική Επικοινωνία, Αντί Επιλόγου, Βιβλιογραφία.
700 1# - ΠΡΟΣΘΕΤΗ ΑΝΑΓΡΑΦΗ--ΦΥΣΙΚΟ ΠΡΟΣΩΠΟ
Personal name Carrier Jean Pierre
9 (RLIN) 5532
700 1# - ΠΡΟΣΘΕΤΗ ΑΝΑΓΡΑΦΗ--ΦΥΣΙΚΟ ΠΡΟΣΩΠΟ
Personal name Ασλανίδου Σοφία
942 ## - ADDED ENTRY ELEMENTS (KOHA)
Koha item type Books
Holdings
Τύπος τεκμηρίου Βιβλιοθήκη Τρέχουσα τοποθεσία Barcode Αριθμός εισαγωγής Ημερομηνία απόκτησης Ταξιθετικό σύμβολο Αριθμός αντιτύπου Κατάσταση απόσυρσης Κατάσταση χαμένου Κατάσταση κατεστραμμένου Μη δανεισμός Σύνολο δανεισμών Ημερομηνία τελευταίας εμφάνισης Η τιμή ισχύει από
Books MC Athens Campus Library MC Athens Campus Library 9780000045584 5311 05/06/2025 302.23 CAR 1           05/06/2025 05/06/2025

MC Athens Campus Library
Πατησίων 94 & Κοδριγκτώνος 13, 104 34
Πελλήνης 8 & Πατησίων 107, 112 51
Τ: +30 210 8899600

MC Thessaloniki Campus Library
Ίωνος Δραγούμη 21, 54625 | Ίωνος Δραγούμη 15, 54625
Τ: +30 2310 287779 – Τ: +30 2314 440300